[Event "Leiden SB-ch"]
[Site "Leiden"]
[Date "2009.06.09"]
[Round "4"]
[White "De Beule, Eddy"]
[Black "Zeevaarder, Michael"]
[Result "0-1"]
[WhiteElo "1931"]
[BlackElo "1756"]
[PlyCount "61"]
[EventDate "2009.05.19"]
[EventType "swiss"]
[EventRounds "7"]
[EventCountry "NED"]
[SourceTitle "EXT 2012"]
[Source "ChessBase"]
[SourceDate "2011.11.24"]
[SourceVersion "1"]
[SourceVersionDate "2011.11.24"]
[SourceQuality "1"]

1. d4 Nf6 2. Nf3 d5 3. Bf4 e6 4. e3 c5 5. Be2 Nc6 6. Nbd2 Bd6 7. Bxd6 Qxd6 8. 0-0 e5 9. dxe5 Nxe5 10. Nxe5 Qxe5 11. Bb5+ Kf8 12. Nf3 Qxb2 13. c4 Bf5 14. Nh4 a6 15. Nxf5 axb5 16. cxd5 Qe5 17. Qc2 b6 18. d6 g6 19. f4 Qxf5 20. Qc3 Kg7 21. h3 h5 22. Rae1 Kh6 23. Qb3 c4 24. Qb2 Ne4 25. Rd1 Rhd8 26. Qd4 Rxd6 27. Qb2 Qc5 28. Rxd6 Qxe3+ 29. Kh2 Nxd6 30. Qf6 Qe6 31. Qd4 0-1

[Event "Leiden SB-ch"]
[Site "Leiden"]
[Date "2009.05.26"]
[Round "2"]
[White "De Beule, Eddy"]
[Black "Wilschut, Peter"]
[Result "0-1"]
[WhiteElo "1931"]
[BlackElo "2195"]
[PlyCount "84"]
[EventDate "2009.05.19"]
[EventType "swiss"]
[EventRounds "7"]
[EventCountry "NED"]
[SourceTitle "EXT 2012"]
[Source "ChessBase"]
[SourceDate "2011.11.24"]
[SourceVersion "1"]
[SourceVersionDate "2011.11.24"]
[SourceQuality "1"]

1. d4 d5 2. Nf3 Nf6 3. Bf4 e6 4. e3 Be7 5. h3 b6 6. Nbd2 0-0 7. Be2 Bb7 8. 0-0 Nbd7 9. c3 Re8 10. a4 a6 11. a5 b5 12. b4 Bd6 13. Ne5 Nf8 14. Nd3 Ng6 15. Bf3 Ra7 16. g3 Ne4 17. Bxe4 dxe4 18. Nc5 Bxc5 19. bxc5 f6 20. g4 Nh4 21. Bg3 Nf3+ 22. Nxf3 exf3 23. Qc2 Qa8 24. Rfd1 Be4 25. Qb3 Bd5 26. Qc2 g6 27. Qd2 Qc6 28. Re1 Be4 29. Qa2 Rb7 30. c4 bxc4 31. Qxc4 Kf7 32. Rec1 g5 33. Qa4 Rb5 34. Qc4 h5 35. gxh5 Rh8 36. h4 Rxh5 37. hxg5 Rxg5 38. Qc3 Qd5 39. Kf1 Qf5 40. Ke1 Qh3 41. Kd2 Rxg3 42. fxg3 Qh2+ 0-1